Obálka Náhled e-knihy:
PDF Epub
Pro půjčování e-knih musíte být přihlášeni.
Jak si půjčit online?

Ranhojička. Královna rebelů /

Young adult fantasy od úspěšné australské autorky je úvodní knihou trilogie o mladé, odvážné vězeňské léčitelce.

Uloženo v:
Série:Ranhojička, část 1
Hlavní autor: Noni, Lynette, 1985- (Autor)
Další autoři: Kubešová, Pavla, 1969- (Autor)
Médium: E-kniha
Jazyk:Czech
Vydáno: V Praze : Fragment, 2022
Vydání:1. vydání
Témata:
Příbuzné jednotky:Z cyklu:: Ranhojička
Tagy:
Žádné tagy
LEADER 02891nam a2200553 i 4500
001 311496
003 CZ PrSKC
005 20260601215706.0
007 ta
008 220127s2022 xr d 000 f cze
015 |a cnb003393255 
020 |a 9788025355046  |q (vázáno) :  |c Kč 449,00 
035 |a (OCoLC)1310112442 
040 |a ABG001  |b cze  |e rda 
041 1 |a cze  |h eng 
072 7 |a 821.111-3  |x Anglická próza, anglicky psaná  |2 Konspekt 
072 7 |a 821-93  |x Literatura pro děti a mládež (beletrie)  |2 Konspekt 
080 |a 821.111(94)-31  |2 MRF 
080 |a 821-93-053.67  |2 MRF 
080 |a 821-93  |2 MRF 
080 |a (0:82-312.9)  |2 MRF 
100 1 |a Noni, Lynette,  |d 1985-  |7 xx0268968  |4 aut 
240 1 0 |a Prison healer.  |l Česky 
245 1 0 |a Ranhojička.  |p Královna rebelů /  |c Lynette Noniová ; z anglického originálu The prison healer ... přeložila Pavla Kubešová 
246 3 0 |a Královna rebelů 
250 |a 1. vydání 
264 1 |a V Praze :  |b Fragment,  |c 2022 
300 |a 413 stran ;  |c 21 cm 
336 |a text  |b txt  |2 rdacontent 
337 |a bez média  |b n  |2 rdamedia 
338 |a svazek  |b nc  |2 rdacarrier 
520 2 |a Young adult fantasy od úspěšné australské autorky je úvodní knihou trilogie o mladé, odvážné vězeňské léčitelce.  |b Už deset let přežívá sedmnáctiletá ranhojička Kiva ve věznici Zalindov. Když přivezou těžce nemocnou královnu rebelů, dostane za úkol udržet ji naživu, aby mohla podstoupit trýznivou zkoušku čtyřmi elementy. Pak obdrží Kiva vzkaz od své rodiny: "Nenech ji zemřít. Už jdeme." Dívka si uvědomuje, že zkouška by královnu zabila, a tak se nabídne, že trest podstoupí místo ní. Má ale vůbec nějakou šanci? A jak se k její volbě postaví záhadný nový vězeň Jaren? Nakladatelská anotace. 
521 8 |a Pro čtenáře od 15 let 
655 7 |a australské romány  |7 fd131842  |2 czenas 
655 7 |a fantasy romány  |7 fd184199  |2 czenas 
655 7 |a literatura young adult  |7 fd1185572  |2 czenas 
655 7 |a publikace pro mládež  |7 fd133157  |2 czenas 
655 9 |a Australian fiction  |2 eczenas 
655 9 |a fantasy novels  |2 eczenas 
655 9 |a young adult literature  |2 eczenas 
655 9 |a juvenile literature  |2 eczenas 
700 1 |a Kubešová, Pavla,  |d 1969-  |7 xx0039531  |4 trl 
787 0 8 |i Z cyklu:  |t Ranhojička  |g 1 
900 |a ABA001  |b 20 
928 9 |a Albatros Media - Fragment 
044 |a xr 
910 |a RBIT002 
998 |d 345611  |a https://core.palmknihy.cz/api/books/345611/cover?si672o  |b https://core.palmknihy.cz/api/books/345611/cover/400?si672o  |c https://core.palmknihy.cz/api/books/345611/cover/50?si672o  |e 2030-12-14  |g 416  |i 9788025355046  |j https://core.palmknihy.cz/api/books/345611/preview.epub  |k https://core.palmknihy.cz/api/books/345611/preview.pdf  |l   |q 49  |r 1  |s https://www.palmknihy.cz/kniha/345611  |t ebook  |y 2022  |z 0  |v Ranhojička  |w 1 
999 |d 311494